[Event "GRE-ch U18"]
[Site "Rethymno"]
[Date "2019.01.02"]
[Round "1"]
[White "Loukopoulos, Panagiotis Athanasi"]
[Black "Fraidakis, Emmanouil"]
[Result "1-0"]
[WhiteElo "2013"]
[BlackElo "1172"]
[PlyCount "39"]
[EventDate "2019.01.02"]
[EventType "swiss"]
[EventRounds "9"]
[EventCountry "GRE"]
[SourceTitle "CBM 188 Extra"]
[Source "ChessBase"]
[SourceDate "2019.02.26"]
[SourceVersion "1"]
[SourceVersionDate "2019.02.26"]
[SourceQuality "1"]

1. e4 c5 2. Nc3 d6 3. Bb5+ Bd7 4. Bc4 Nf6 5. f4 Nc6 6. Nf3 g6 7. 0-0 Bg7 8. e5 Nh5 9. Ng5 Bh6 10. Nxf7 Qc8 11. Nxh6 Rf8 12. exd6 Nxf4 13. d3 Ne6 14. Rxf8+ Kxf8 15. Qf3+ Kg7 16. Qf7+ Kh8 17. dxe7 Qc7 18. Bxe6 Qe5 19. Qf8+ Rxf8 20. exf8Q# 1-0